Italian famous athletes - Statistics

Statistiche generali
  • Questo quiz è stato fatto 127 volte
  • Il punteggio medio è 13 su 16
Statistiche sulle risposte
con Immagini Hint Risposta % Corretto
Tennis Jannik Sinner
100%
Motorsport Valentino Rossi
98%
Football manager Carlo Ancelotti
97%
Football Roberto Baggio
97%
Swimming Federica Pellegrini
96%
Football Paolo Maldini
96%
Football Andrea Pirlo
95%
Track Marcell Jacobs
90%
Tennis Matteo Berrettini
90%
Volleyball Paola Egonu
80%
Bycicle Marco Pantani
79%
Tennis Jasmine Paolini
75%
Skiing Sofia Goggia
72%
basketball Marco Belinelli
46%
Fencing Valentina Vezzali
43%
Volleyball Alessandro Michieletto
34%
Nessun quiz corrispondente trovato
Distribuzione punteggi
Percentuale di utenti per punteggio
Percentile per numero di risposta
I tuoi punteggi nel tempo
Non hai fatto questo quiz